000 03231cam a2200433 i 4500
999 _c27212
_d27212
006 m o d
007 cr cnu---unuuu
008 221102s2023 nyu ob 001 0 eng d
020 _a9781003055464
_q(electronic bk.)
020 _a100305546X
_q(electronic bk.)
020 _a9781000785005
_q(electronic bk. : EPUB)
020 _a1000785009
_q(electronic bk. : EPUB)
020 _a9781000784978
_q(electronic bk. : PDF)
020 _a1000784975
_q(electronic bk. : PDF)
040 _aOCoLC-P
_beng
_erda
_epn
072 7 _aTRA
_x006000
_2bisacsh
072 7 _aTEC
_x017000
_2bisacsh
072 7 _aKNGS
_2bicssc
082 0 4 _a623.88/8
_222
100 1 _aHaugen, Stein,
245 1 0 _aMaritime transportation :
_bsafety management and risk analysis /
_cStein Haugen and Svein Kristiansen.
250 _aSecond edition.
260 _aLondon
_bTaylor & Francis Group
_c2022
300 _a1 online resource.
505 0 _aIntroduction -- The risk picture -- Terminology -- Stakeholders, Rules and regulations -- Safety Management System -- Risk Acceptance -- Human and Organizational factor -- Risk Analysis Methods -- Measuring risk -- Methods for navigational risk analysis -- Human reliability analysis -- Formal safety assessment -- Security -- Accident data -- Risk Reduction measures -- Emergency Preparedness and Response -- Risk-based design -- Monitoring Risk Level -- Learning from Accidents and Incidents.
520 _a"The environmental and human costs of marine accidents are high, and risks are considerable. At the same time, expectations from society to the safety of maritime transportation, like most other activities, increases continuously. To meet these expectations, systematic methods for understanding and managing the risks in a cost-efficient manner are needed. This book provides readers with an understanding of how to approach this problem. Firmly set within the context of the maritime industry, systematic methods for safety management and risk assessment are described. The legal framework and the risk picture within the maritime industry provide necessary context. Safety management is a continuous and wide-ranging process, with a set of methods and tools to support the process. The book provides guidance on how to approach safety management, with many examples from the maritime industry to illustrate practical use. This extensively revised new edition addresses the needs of students and professionals working in shipping management, ship design and naval architecture, and transport management, as well as safety management, insurance, and accident investigation"--
650 0 _aNavigation
_xSafety measures.
650 0 _aNavigation
_xRisk assessment.
650 0 _aShipping
_xSafety measures.
650 0 _aShipping
_xRisk assessment.
650 0 _aShips
_xSafety measures.
650 0 _aShips
_xSafety regulations.
650 7 _aTRANSPORTATION / Ships & Shipbuilding / General
_2bisacsh
650 7 _aTECHNOLOGY / Industrial Health & Safety
_2bisacsh
700 1 _aKristiansen, Svein,
_d1942-
_eauthor.
856 4 0 _uhttps://www.taylorfrancis.com/books/9781003055464
856 4 2 _uhttp://www.oclc.org/content/dam/oclc/forms/terms/vbrl-201703.pdf
942 _cEBK